000
00324 a2200109 4500
001
ART_3631
005
20260410161716.0
008
260409a
245
1
0
_a
Después de la Edad de Oro
100
1
_a
Esping-Andersen, Gosta
773
0
_t
Desarrollo económico
_g
- Vol. 36, Nº 142 (jul./sep. 1996)
_w
REV1174
999
_c
16567
_d
16567